| 000 | 00718cam a22002537a 4500 | ||
|---|---|---|---|
| 003 | CHAP | ||
| 005 | 20220329133901.0 | ||
| 008 | 971013s1929 r 00010 d | ||
| 010 | _a12235 | ||
| 011 | _a13207 | ||
| 035 | _a17278 | ||
| 040 | _cCHAP | ||
| 082 |
_a553.1 _bH38 |
||
| 100 | 0 | 0 |
_aHatch, Frederick Henry. _953061 |
| 245 | 1 | 3 | _aAn introduction to the study of ore deposits |
| 260 |
_aChicago : _bUniversity Press, _c1929 |
||
| 300 |
_a117 p. _b: ilus. |
||
| 590 |
_aBATCH-UPD _b10 _c20130110 _lUCH01 _h1623 |
||
| 590 |
_aCONVERSION _b10 _c20130109 _lUCH01 _h1308 |
||
| 650 | 1 | 4 |
_aYacimientos minerales. _9122929 |
| 901 | _aBK | ||
| 942 | _cLIBRO | ||
| 949 |
_a553.1 H38 _bBC _cBPP _d-40902 _eBPP _h7897 _i17278 _si |
||
| 999 |
_c12235 _d12235 |
||